LEADER 01056nam a2200241 4500 001 000000358495 003 CaOOAMICUS 005 20240604144150.0 008 240524s1966 fr 000 u fre r 040 $aSeMil$bita 100 1 $aMenard, Étienne,$c.$0(OLS)http://semarc/name/32919 245 12$aL'ecclésiologie :$bhier et aujourd'hui /$cÉtienne Ménard. 264 1$aBruges ; Paris :$bDesclée de Brouwer,$c1966. 300 $a138 p. ;$c22 cm 490 1 $aEssais pour notre temps. Section de théologie ;$v1 650 4$aEcclesiologia.$0(OLS)http://semarc/subject/42996 830 0$aEssais pour notre temps. Section de théologie ;$v1.$0(OLS)http://semarc/title/29034 850 $aSeMil 852 $aSeMil$W1$xVenegono$y1$m2M III 7$j248570$B249601$CSeMilBibl$Z2$F249601 $81 961 $aCitrini don Tullio - Omaggio 996 $6245$aL'ecclésiologie :$bhier et aujourd'hui$9(OLS)http://semarc/title/448858 996 $6264$aBruges ; Paris :$bDesclée de Brouwer$9(OLS)http://semarc/publisher/37950 LEADER 01375nam a2200289 i 4500 001 000000106381 003 CaOOAMICUS 005 20020523000000.0 008 020523s2000 it u000 u ita u 013 $a78575 020 $a88-215-4285-8 040 $aSeMil$bita 100 1 $aColombo, Fausto,$d<1955- >.$0(OLS)http://semarc/name/44764 245 13$aIl vello d'oro :$bricerche sul valore famiglia /$cContributi di Fausto Colombo ... [et al.] ; a cura di Vittorio Cigoli. 260 $aCinisello Balsamo :$bSan Paolo,$ccopyr. 2000. 300 $a327 p. :$bill. ;$c22 cm. 490 0 $aLa famiglia nel mondo contemporaneo ;$v13 500 $aContiene : Appendice ; Bibliografia. - In testa al front. : CISF Centro Internazionale Studi Famiglia. 650 4$aFamiglia - Studi.$0(OLS)http://semarc/subject/5647 700 1 $aCigoli, Vittorio <1942->.$0(OLS)http://semarc/name/3678 830 3$aLa famiglia nel mondo contemporaneo ;$v13.$0(OLS)http://semarc/title/587 850 $aSeMil 852 $aSeMil$W1$xVenegono$y1$m3N VI 243$j62518$B62518$CSeMilBibl$Z2$F71702 $81 961 $aAcquisto: San Paolo (Agente) 996 $6020$a88-215-4285-8$9(OLS)http://semarc/number/86985 996 $6245$aIl vello d'oro :$bricerche sul valore famiglia$9(OLS)http://semarc/title/154248 996 $6260$aCinisello Balsamo :$bSan Paolo$9(OLS)http://semarc/publisher/30129